Años en la historia #1 - Opción múltiple - Estadísticas

Estadísticas generales
  • Esta prueba ha sido intentada 2.787 veces
    2.785 desde el último reinicio
  • La puntuación promedio es 13 de 20
Estadísticas de respuestas
Pregunta Respuesta % Correcto
Colón "descubre" América 1492
99%
Comienza la Primera Guerra Mundial 1914
96%
Neil Armstrong se convierte en la primera persona en pisar la Luna 1969
91%
Caída del muro de Berlín 1989
87%
El comienzo de la Gran Depresión 1929
76%
Se firma la Declaración de Independencia de los Estados Unidos 1776
72%
La derrota final de Napoleón en la Batalla de Waterloo 1815
70%
Edison patenta la bombilla 1879
70%
La Armada Española navega para invadir Inglaterra pero se dispersa 1588
62%
Alejandro Magno muere en Babilonia 323 A.C
62%
El bombardeo japonés de Pearl Harbor 1941
61%
Los hermanos Wright vuelan el primer avión 1903
59%
Comienza la Reforma protestante 1517
57%
La Peste Negra llega a Europa 1347
52%
Constantinopla cae ante los invasores turcos - acabando con el Imperio bizantino 1453
52%
La Guerra de los Treinta Años llega a su fin con la Paz de Westfalia 1648
52%
Mahoma muere en Medina 632
50%
El rey Juan firma la Carta Magna 1215
49%
Comienza la Guerra Civil de EE.UU. 1861
45%
El complot de la pólvora: Guy Fawkes y otros intentan volar el parlamento inglés 1605
44%
No se encontraron pruebas coincidentes
Distribución de puntuación
Porcentaje de gente con cada puntuación
Porcentaje por número respondido
Historial de tus puntuaciones
No has intentado esta prueba desde el último reinicio